000 00422nam a2200181Ia 4500
001 3920
005 20260306145718.0
008 260306t2020||||xx |||||||||||||| ||spa||
041 _aESP
082 _a305.420985
_bP75
100 _aPolack, Bruno
_eAUT
245 0 _aMujeres que forjaron el Perú
260 _c2020
300 _a142 páginas :
_c23 cm.
650 _aGEN
654 _aCHU
942 _cLIB
_dJUS
_fJUS
_2ddc
_n
999 _c3920
_d3920